The theory of capitalist development : (Record no. 124777)

MARC details
000 -LEADER
fixed length control field 00657nam a22002297a 4500
005 - DATE AND TIME OF LATEST TRANSACTION
control field 20170124105944.0
010 ## - LIBRARY OF CONGRESS CONTROL NUMBER
LC control number 169677
020 ## - INTERNATIONAL STANDARD BOOK NUMBER
Terms of availability 00.00
035 ## - SYSTEM CONTROL NUMBER
System control number 169677
037 ## - SOURCE OF ACQUISITION
Source of stock number/acquisition Cen Lib/Ret
040 ## - CATALOGING SOURCE
Original cataloging agency DPL
Language of cataloging EN
082 ## - DEWEY DECIMAL CLASSIFICATION NUMBER
Classification number 335.4
Item number SWE
100 ## - MAIN ENTRY--PERSONAL NAME
Personal name Sweezy, Paul M.
9 (RLIN) 11905
245 ## - TITLE STATEMENT
Title The theory of capitalist development :
Statement of responsibility, etc by Paul M. Sweezy
Remainder of title principles of Marxian political economy /
260 ## - PUBLICATION, DISTRIBUTION, ETC. (IMPRINT)
Place of publication, distribution, etc New York
Name of publisher, distributor, etc Monthly Review Press
Date of publication, distribution, etc 1956
270 ## - ADDRESS
City New York
300 ## - PHYSICAL DESCRIPTION
Extent xxvi,398p.
Dimensions 21cm(Hb)
500 ## - GENERAL NOTE
General note Includes index
650 ## - SUBJECT ADDED ENTRY--TOPICAL TERM
Topical term or geographic name as entry element Economics
9 (RLIN) 80641
650 ## - SUBJECT ADDED ENTRY--TOPICAL TERM
Topical term or geographic name as entry element Socialism
9 (RLIN) 9251
942 ## - ADDED ENTRY ELEMENTS (KOHA)
Source of classification or shelving scheme Dewey Decimal Classification
Koha item type English Books
Classification part 335.4
Call number suffix SWE
Holdings
Withdrawn status Lost status Damaged status Not for loan Home library Current library Date acquired Source of acquisition Cost, normal purchase price Total Checkouts Full call number Barcode Date last seen Date checked out Copy number Cost, replacement price Price effective from Koha item type
        Central Library Central Library 18/06/2015 Cen Lib/Ret 0.00 2 335.4 SWE 169677 12/01/2019 28/12/2018 1 0.00 18/06/2015 English Books

© Delhi Public Library
Hit Counter
free hit counter